000
00261nam a2200109Ia 4500
008
200302s9999 xx 000 0 und d
100
_a
Li chunmei
245
_a
Sports Architecture
260
_b
Design Media Publishing (UK) Ltd.,
260
_c
2010
300
_a
287
999
_c
6221
_d
6221